000 01118nam a22002297a 4500
999 _c8474
_d8474
003 GBCCL
005 20241126110651.0
008 210224b ||||| |||| 00| 0 eng d
020 _a0801039673
020 _a9780801039676
040 _cGBC
082 _a227.407
_bDUN
100 _aDunn, James D G
_914863
245 _aThe epistle to the Galatians /
_cJames D G Dunn
260 _aGrand Rapids, MI :
_bBaker Academic,
_c2011.
300 _axxiii, 375 pages :
_bmap ;
_c22 cm.
440 _aBlack's New Testament commentaries.
_912161
505 _aPaul's letter to the Galatians may be the boldest exposition of the gospel and one of the best examples that Paul's theology first and foremost emerged within the framework of a living community. Dunn's sensitivity to the letter's larger flow of thought and his adept hand at guiding us through the sometimes murky waters of Paul's thought combine to make this commentary refreshingly accessible and eminently serviceable. - back of book
650 _aBible.
_vGalatians
_xCommentaries.
_911516
650 _aBible.
_vGalatians.
_914864
942 _2ddc
_cBK
_03